00980nam a2200253 i 4500001000300000245015200003260004100155300002100196490002000217504002400237650005100261650003800312650003300350650003300383650004400416700002700460830002000487020001500507040000800522041000800530080004900538008004100587856009800628bg10aDawne i nowe problemy społeczne :bszkice do obrazu społeczeństwa polskiego u progu XXI stulecia : praca zbiorowa /cpod red. Andrzeja Kojdera. aWarszawa :bKancelaria Sejmu,c2002. a176 s. ;c21 cm.1 aPrace Studialne aBibliogr. przy art. 9aNierówności społecznezPolskayod 1989 r. 9aElita władzyzPolskayod 1999 r. 9aBogactwozPolskayod 1989 r. 9aKorupcjazPolskayod 1989 r. 9aPrzestępczośćzPolskayod 1989 r.1 aKOJDER, Andrzej.eRed. aPrace Studialne a839093812X cBPK0 apol a316.344:323.32:328.18:343.97](438)"1989/..." s pl f |000 0 pol  uhttp://koha.tu.koszalin.pl/cgi-bin/koha/opac-detail.pl?biblionumber=51945yKatalog online BPK